|
|
|
|
| LEADER |
00000nab a2200000 4500 |
| 001 |
vtls011986669 |
| 003 |
SK-MaSNL |
| 005 |
20260309143719.0 |
| 008 |
200811c2020 xo br|p || ||00 c0ukr |
| 015 |
|
|
|a SNBRB2020/08
|
| 038 |
|
|
|a SVKPOCL
|
| 040 |
|
|
|a SVKPOCL
|b slo
|c SVKPOCL
|e rda
|
| 041 |
0 |
|
|a ukr
|
| 044 |
|
|
|a xo
|c SK
|
| 072 |
|
7 |
|a 821.161
|x Východoslovanské literatúry
|2 konspekt
|
| 080 |
|
|
|a 821.161.25(437.6)-1
|2 2011
|
| 080 |
|
|
|a 821.161.25(437.6)-342
|2 2011
|
| 080 |
|
|
|a 82-342
|2 2011
|
| 080 |
|
|
|a (437.6)
|2 2011
|
| 080 |
|
|
|a 821.161.25(437.6)-191
|2 2011
|
| 100 |
1 |
|
|a Suchý, Štefan,
|d 1946-
|4 aut
|9 93770
|
| 245 |
1 |
0 |
|a Slon na Kўčari
|b (bajka)
|c Štefan Suchўj
|
| 246 |
1 |
|
|i Názov diela:
|a Slon na kўčari
|
| 336 |
|
|
|a text
|b txt
|2 rdacontent
|
| 337 |
|
|
|a bez média
|b n
|2 rdamedia
|
| 338 |
|
|
|a zväzok
|b nc
|2 rdacarrier
|
| 500 |
|
|
|a V rubrike Pozdravľiňa Rusyniv na rik 2020 č. 4
|
| 650 |
0 |
7 |
|a rusínska poézia
|2 SNKPH
|9 1292
|
| 650 |
0 |
7 |
|a bájky
|2 svkpocl
|9 289991
|
| 655 |
|
7 |
|a rusínska poézia
|2 SNKPH
|9 70717
|
| 655 |
|
7 |
|a bájky
|2 SNKPH
|9 70545
|
| 773 |
0 |
|
|t Rusyn
|g Roč. XXX, č. 4 (2020), s. 15
|x 1339-5483
|
| 787 |
0 |
8 |
|i Z knihy:
|a Suchý, Štefan, 1946-
|t Slon na Kўčari : (styškova knyžka pro rusyňs´ky djityska)
|d Pr'ašiv: Rusyňska obroda, 2007
|z 9788088769781
|
| 852 |
|
|
|a SVKPO
|b KIS3GCP
|
| 958 |
|
|
|a RN
|
| 958 |
|
|
|a SS
|
| 958 |
|
|
|a LX
|
| 958 |
|
|
|a DB
|
| 958 |
|
|
|a NM
|
| 958 |
|
|
|a SK
|
| 999 |
|
|
|c 3364458
|d 3366388
|